[Event "RUS-chT 07th"]
[Site "Smolensk"]
[Date "2000.04.24"]
[Round "10"]
[White "Ovetchkin, Roman"]
[Black "Shcherbakov, Ruslan"]
[Result "1/2-1/2"]
[WhiteElo "2493"]
[BlackElo "2552"]
[Annotator "Gershon,A"]
[PlyCount "85"]
[EventDate "2000.04.15"]
[EventType "team-tourn"]
[EventRounds "11"]
[EventCountry "RUS"]
[SourceTitle "CBM 077"]
[Source "ChessBase"]
[SourceDate "2000.07.27"]
[SourceVersion "1"]
[SourceVersionDate "2000.07.27"]
[SourceQuality "1"]
[WhiteTeam "Nizhny Tagil Politekhnik"]
[BlackTeam "Tomsk 400"]
[WhiteTeamCountry "RUS"]
[BlackTeamCountry "RUS"]

1. e4 c5 2. Nf3 Nc6 3. Bb5 e6 4. Bxc6 bxc6 5. d3 Ne7 6. Qe2 {not disclosing
the plans yet} (6. Ng5 Ng6 (6... f6 7. Nh3 g6 8. f4 Bg7 9. O-O O-O 10. Nf2 d6
11. Nd2 a5 12. a4 f5 13. Nf3 Rb8 14. Rb1 c4 $5 15. dxc4 fxe4 16. Nxe4 d5 17.
cxd5 exd5 18. Nf2 Qb6 19. Re1 Nf5 20. Ne5 Rb7 21. b3 Rd8 $44 {1/2-1/2 Bologan,
V-Shabalov,A/Connecticut USA 2000/The Week in Chess 286 (37)}) 7. f4 Be7 8. Nf3
d5 9. c4 e5 10. f5 dxe4 11. dxe4 Nf4 $2 12. Qxd8+ Bxd8 13. Nxe5 Nxg2+ 14. Kf2
Nh4 {[%csl Rh4]} 15. Nc3 Bf6 16. Ng4 Bd4+ 17. Kg3 h5 18. Nf2 Bf6 19. Nh3 Bxf5
20. exf5 Nxf5+ 21. Kf4 $18 {1-0 Bologan,V-Sveshnikov,E/Tallinn EST 2000/The
Week in Chess 273 (42)}) (6. h4 h5 7. Qe2 f6 8. e5 fxe5 9. Nxe5 d6 10. Nc4 Nf5
11. Bg5 Be7 12. Bxe7 Qxe7 13. Nc3 e5 14. O-O-O Be6 15. Kb1 Rb8 16. Rde1 Nd4 17.
Qd2 O-O 18. Nd1 Qc7 19. f3 Rf4 20. Re4 d5 21. Rxf4 exf4 22. Qa5 Qe7 23. Ne5 Bf5
$17 {0-1 Shabanov,Y-Arkhipov,S/Smolensk RUS 2000/The Week in Chess 287 (61)})
6... Qc7 (6... Ng6 7. h4 $5 h5 8. e5 f6 (8... d6 9. exd6 Bxd6 10. Nc3 e5 11.
Ng5 Bg4 12. f3 Bf5 13. Be3 Rb8 14. O-O-O Qb6 15. b3 Qa5 16. Nce4 Be7 17. Kb1
O-O $2 {[%csl Rh5]} 18. Ng3 Bd7 19. Nxh5 Rb6 20. Bd2 Qa3 21. Bc1 Qa5 22. Qd2
$18 {1-0 Yudasin,L-Manca,F/Reggio Emilia ITA 2000 (28)}) 9. Qe4 Kf7 10. Na3 (
10. Rh3 Qc7 11. Ng5+ fxg5 12. Rf3+ Kg8 13. Qxg6 Qxe5+ 14. Kf1 gxh4 $2 (14... g4
$8 15. Rf4 {[%cal Gb1c3,Gc3e4,Ge4g5]} Ba6 16. Nc3 d5 17. Bd2 $16) 15. Bg5 (15.
Rf4 $142 $18 {[%csl Rh5][%cal Gg6f7,Gf4h4]}) 15... Ba6 16. Nc3 c4 17. d4 Qxd4
18. Qf7+ Kh7 19. Qxh5+ Kg8 20. Qf7+ Kh7 21. Rf6 $18 {1-0 Bezold,M-Volkmann,F/
Austria 1999/EXT 2000 (22)}) 10... Qc7 11. Nc4 Ba6 12. Bf4 Nxf4 13. Qxf4 Be7
14. Rh3 Kg8 15. Rg3 Rh7 16. O-O-O Rf8 17. Qe4 Rh6 18. Qe3 Kh7 19. Rh1 Bxc4 20.
dxc4 fxe5 21. Nxe5 Bd6 22. f4 Rhf6 23. Rd1 Kg8 24. Rf3 Rf5 $11 {1/2-1/2
Vokarev,S-Arkhipov,S/Smolensk RUS 2000/The Week in Chess 287 (27)}) 7. O-O Ng6
8. Ng5 Be7 9. Qh5 Qd8 {White's idea worked, black wasted two tempis and white
only one} (9... d6 10. f4 $36 {[%cal Gf4f5]}) (9... h6 $2 10. Nxf7 Kxf7 11. f4
$16) 10. Nc3 Ba6 11. f4 Bxg5 12. fxg5 d6 $6 (12... c4 $142 13. d4 {[%cal Ge4e5]
} d6 14. Be3 O-O $13) 13. b3 $1 {now black is left with no counterplay} Bc8 14.
Ne2 a6 15. Be3 Rb8 16. Rf2 Rb7 17. Raf1 {[%csl Rf7][%cal Gf2f3,Gf3h3]} O-O {
[%csl Rh7]} 18. Rf3 e5 $8 {[%csl Rf5][%cal Gc8h3]} (18... Re8 19. Rh3 Nf8 20.
g6 $1 fxg6 21. Rxf8+ $1 Kxf8 (21... Rxf8 22. Qxh7+ Kf7 23. Rf3+ Ke8 24. Rxf8+
Kxf8 25. Qh8+ Ke7 26. Bg5+ $18) 22. Qxh7 $18 {[%cal Gh3f3,Gh7h8,Ge3g5]}) 19.
Ng3 {[%cal Gg3f5,Gf3h3]} Re8 20. Nf5 Be6 21. R3f2 {After making black play
e6-e5 white now changes his plans and prepares to throw the pawns.} (21. Rh3
Nf8) 21... Rd7 22. h4 {[%cal Gh5g4,Gh4h5]} Nf8 23. Qe2 Bxf5 24. exf5 e4 25. f6
g6 26. h5 {Clears the g6 square for the N} (26. Rf4 exd3 27. Qxd3 $16) 26...
exd3 27. Qxd3 gxh5 28. Bd2 Ng6 29. Re2 (29. Qxa6 $142 Qa8 30. Qxa8 Rxa8 31. a4
$16 {[%csl Rg8]}) 29... c4 30. Rxe8+ (30. Qxc4 Qb6+ 31. Kh1 Ra8 32. Rfe1 $16)
30... Qxe8 31. Qxc4 Ra7 32. Re1 Qd7 33. Qe2 $18 Ra8 34. Qxh5 Kh8 35. Qh6 $2 (
35. Re3 Ne5) (35. Qh3 $1 Qa7+ 36. Qe3 (36. Be3 Qc7 37. Qh6 Rg8 38. Bd4 Ne5 $8
39. Bxe5 dxe5 40. Re4 Qa7+ 41. Kh2 Qf2 $132) 36... Qd7 $8 {the engames are
lost for black} 37. c4 $1 $16 {[%cal Gc4c5] white MUST take away the e5 square
from black}) 35... Rg8 36. Bc3 {[%cal Ge1e7]} Ne5 37. Qh5 (37. Bxe5 dxe5 {
[%cal Gd7d4,Gd4f4,Gd4f2]}) 37... Qf5 $11 38. Bxe5 dxe5 39. Rf1 Qxc2 40. Kh2 Qd3
41. Rd1 Qf5 42. Qh6 Qg4 43. Rd8 (43. Rd8 Qf4+ 44. Kg1 Qe3+ 45. Kh2 Qf4+ 46. Kg1
) 1/2-1/2

[Event "Bundesliga 0001"]
[Site "Germany"]
[Date "2001.03.11"]
[Round "11.1"]
[White "Movsesian, Sergei"]
[Black "Kishnev, Sergey"]
[Result "0-1"]
[WhiteElo "2666"]
[BlackElo "2495"]
[Annotator "Gershon,A"]
[PlyCount "76"]
[EventDate "2000.10.14"]
[EventType "team-tourn"]
[EventRounds "15"]
[EventCountry "GER"]
[SourceTitle "CBM 082"]
[Source "ChessBase"]
[SourceDate "2001.05.17"]
[SourceVersion "1"]
[SourceVersionDate "2001.05.17"]
[SourceQuality "1"]
[WhiteTeam "Neukoelln"]
[BlackTeam "Gelsenkirchen Koenigsspringer"]
[WhiteTeamCountry "GER"]
[BlackTeamCountry "GER"]

1. e4 c5 2. Nf3 Nc6 3. Bb5 e6 4. O-O Nge7 5. c3 a6 6. Ba4 b5 7. Bc2 c4 (7...
Ng6 $6 8. d4 d6 9. a4 b4 10. dxc5 dxc5 11. Qxd8+ Nxd8 12. a5 Bd6 13. Be3 O-O
14. Nbd2 Bb7 15. Nc4 Be7 16. Nb6 bxc3 17. bxc3 Ra7 18. Rfd1 $16 {1-0 Benjamin,
J-Jerosch,G/Deizisau 1999/EXT 2000 (35)}) (7... e5 $2 8. a4 Rb8 9. axb5 axb5
10. d4 {With a very energetic play white is able to achieve a big advantage.}
d6 11. dxc5 dxc5 12. Qxd8+ Kxd8 13. Rd1+ Ke8 14. Be3 Ng6 15. Nbd2 f6 16. Nb3 c4
17. Na5 Nd8 18. b3 Be6 19. bxc4 bxc4 20. Nd2 $18 {1-0 Arkhipov,S-Molnar,B/Paks
1997/EXT 2001 (25)}) (7... d6 8. d4 cxd4 9. cxd4 Ng6 10. Nc3 Be7 11. d5 Nce5
12. Nd4 Bd7 13. a4 b4 14. dxe6 fxe6 15. Nce2 Nf7 16. Bb3 e5 17. Nf5 O-O 18.
Neg3 Bxf5 19. Nxf5 Kh8 20. Qg4 Bf6 21. Rd1 $16 {1-0 Kuzmin,G-Zimmermann,P/Bern
1995/EXT 2000 (40)}) 8. d4 cxd3 9. Qxd3 Ng6 10. Rd1 Be7 11. Nbd2 (11. b4 $5 {
[%csl Rb5][%cal Ga2a4]} d6 12. a4 bxa4 13. Bxa4 {[%csl Ra6]} Bb7 14. Nd4 Qc8
15. Nxc6 Bxc6 16. Bxc6+ Qxc6 17. b5 axb5 18. Rxa8+ Qxa8 19. Qxb5+ Kf8 20. Ba3
$16 {1/2-1/2 Varavin,V-Bocharov,D/Samara 2000/CBM 78 (43)}) 11... Qc7 12. a4
Rb8 13. axb5 axb5 14. Nb3 e5 15. Nfd2 $4 {[%cal Gd2f1,Gf1e3,Ge3d5] A horrible
blunder! After this white's position is critical. White N was going to d5 via
f1 and e3... unfortunately it wasn't about to happen.} (15. Be3 $14) 15... Nb4
$1 {[%csl Rc2]} 16. cxb4 Nf4 {[%csl Rd2][%cal Rc1f4]} 17. Qe3 (17. Qc3 Ne2+)
17... Qxc2 18. Rf1 {[%csl Rb3,Rc1,Rd2] White's light pieces almost have no
moves.} Nd3 19. Ra3 (19. Qg3 O-O 20. Nd4 {[%csl Rb8][%cal Gg3b8]} Nxc1 $1 21.
Nxc2 Ne2+ 22. Kh1 Nxg3+ 23. hxg3 Bb7 $17 {[%csl Rb2,Rb4,Gb7,Ge7]}) 19... Nxb4
20. Na1 Qc6 $19 21. Qg3 (21. Rc3 Qg6) 21... Qg6 22. Qe3 (22. Qxe5 Nc6 {[%csl
Ra3]}) 22... Nc6 23. Rd3 O-O 24. Nc2 {Even if white had a P on 'c3' he would
still be worse, now he's doomed.} d6 25. Qe2 f5 26. Rg3 Qe8 27. Rb3 b4 28. f4
Be6 29. Rg3 b3 {[%csl Gd4]} 30. Ne3 Nd4 31. Qd1 Qb5 {[%cal Gd4e2]} 32. Kh1 (32.
Rf2 exf4 $19) 32... exf4 33. Rxf4 Ne2 34. exf5 Nxf4 35. fxe6 Nd3 {[%cal Gd3f2]}
36. Ng4 Rbc8 {[%csl Rc1]} 37. Nc4 Qxc4 38. Bh6 Nxb2 0-1

[Event "Tel Aviv"]
[Site "Tel Aviv"]
[Date "2001.02.21"]
[Round "2"]
[White "Kovalev, Andrei"]
[Black "Greenfeld, Alon"]
[Result "1/2-1/2"]
[WhiteElo "2544"]
[BlackElo "2570"]
[Annotator "Gershon,A"]
[PlyCount "92"]
[EventDate "2001.02.20"]
[EventType "tourn"]
[EventRounds "9"]
[EventCountry "ISR"]
[EventCategory "9"]
[SourceTitle "CBM 082"]
[Source "ChessBase"]
[SourceDate "2001.05.17"]
[SourceVersion "1"]
[SourceVersionDate "2001.05.17"]
[SourceQuality "1"]

{[%mdl 32768]} 1. e4 c5 2. Nf3 Nc6 3. Bb5 e6 4. O-O Nge7 5. Re1 a6 6. Bxc6 Nxc6
7. d4 cxd4 8. Nxd4 Qc7 $1 {The most flexible move for black in this position.}
(8... d6 9. Nxc6 (9. Nc3 $143 Bd7 10. Nxc6 Bxc6 11. Qg4 h5 12. Qg3 h4 13. Qg4
h3 14. g3 Qa5 15. Bg5 Kd7 16. Rad1 f6 17. Bf4 Qh5 18. Qxh5 Rxh5 19. Rd3 Rd8 $11
{1/2-1/2 Nikolenko,O-Cherniaev,A/Vladivostok 1995/CBM 46 ext (23)}) 9... bxc6
10. Qg4 (10. c4 Be7 11. Nc3 O-O 12. Be3 c5 13. Qd2 Bb7 14. Rad1 Qc7 15. Bg5
Rfd8 16. Bxe7 Qxe7 17. Re3 Rd7 18. Rd3 Rad8 19. a3 h6 $11 {1/2-1/2 Nikitin,
A-Shariyazdanov,A/Briansk 1995/EXT 98 (36)}) 10... h5 (10... f6 11. c4 (11. Be3
) 11... Qb6 12. Nc3 e5 13. Qg3 Be6 14. b3 Kf7 15. Be3 Qb4 16. Bd2 Be7 17. Qd3
Qb7 18. Rad1 $14 {1/2-1/2 Arribas,M-Demina,J/New Delhi IND 2000/The Week in
Chess 317 (41)}) 11. Qf3 e5 12. Qc3 Bd7 13. f4 f6 14. Nd2 Be7 15. Nf3 {[%csl
Re8]} g5 16. fxg5 fxg5 17. Be3 O-O 18. Rf1 Kh7 (18... Rb8) 19. Rad1 g4 $4 (
19... Rb8) 20. Nxe5 $1 dxe5 (20... Rxf1+ 21. Rxf1 dxe5 22. Qxe5 {[%cal Gf1f7]}
Be8 (22... Qe8 23. Bd4 $18) 23. Bd4 $18) 21. Rxf8 Bxf8 22. Qd3 $18 {1-0
Rabiega,R-Volkmann,F/Austria 2000/EXT 2001 (22)}) (8... Be7 9. Nxc6 bxc6 10.
Qg4 g6 11. e5 d6 12. exd6 Qxd6 13. Nd2 h5 14. Qf3 O-O 15. Nc4 Qb4 16. Qe2 Bb7
17. Bd2 Qb5 18. a4 Qf5 19. Na5 $16 {1/2-1/2 Szmetan,J-Larsen,B/Pinamar ARG
2001/The Week in Chess 332 (76)}) 9. Nxc6 Qxc6 {As opposed to variations with
8..d6 white's c2 pawn is now attacked which makes Qg4 impossible and allows
black to develop his K side without weakenning it.} (9... bxc6 10. Re3 Bd6 11.
Qh5 $6 Bf4 12. Rf3 Qe5 $1 (12... Bxc1 $4 13. Qxf7+ Kd8 14. Qxg7 Re8 15. Qf6+
Re7 16. Qh8+ Re8 17. Rf8 $18) 13. Qxe5 Bxe5 14. Nc3 Rb8 $15 {1-0 Kogan,
A-Ivanisevic,I/Salou ESP 2000/The Week in Chess 320 (43)}) 10. b3 {[%cal Gc1b2,
Yb2h8]} (10. Nc3 $143 b5 {[%csl Rc3]}) 10... b5 {[%csl Rg2][%cal Gc8b7,Yb7g2]}
({an interesting option was:} 10... Bb4 $5 11. Bd2 (11. c3 Be7 {with the
closed long /^ black can feel safe}) (11. Re3 Bc5 $15 {[%cal Ge8g8]}) 11... Be7
(11... Bc5) 12. Qg4 (12. Bc3 O-O 13. Qg4 f6 $15) 12... g6 (12... O-O 13. Bh6
Bf6 14. e5 $18) 13. Bc3 O-O 14. Qf4 b5 $15) 11. a4 {White tries to expoit his
development advantage by weakenning the 'b5' pawn.} Bb7 12. axb5 axb5 13. Rxa8+
Bxa8 14. Bb2 Bb4 15. Re3 (15. Bxg7 $2 Bxe1 16. Bxh8 Qxe4 17. f3 Qe3+ 18. Kh1 e5
$17 (18... Qf2 19. Bd4 Qh4 (19... Qf1+ 20. Bg1 $18 {[%cal Gb1d2]}))) 15... Bc5
16. Rg3 {After this a sharp tactical battle begins} (16. Re1 O-O 17. Qg4 f6 $15
) 16... Qxe4 17. Rxg7 {[%csl Rh8][%cal Gg7g4,Yb2h8]} (17. Bxg7 Rg8 $40 {
[%csl Rg2][%cal Gg8g2]}) 17... h5 $1 (17... Qf5 $143 18. Qd2 h6) 18. Rg3 (18.
Nd2 Qf5 19. Nf3 Bxf3 20. Qxf3 Qxf3 21. gxf3 Rh6 $17) 18... Bd6 $1 (18... Rh6 $2
19. Rg8+ Ke7 20. Nc3 {[%csl Ra8]} Qc6 21. Nxb5 Rg6 22. Rxg6 fxg6 23. Qf1 Qe4
$44) 19. Nd2 (19. Bxh8 Bxg3 20. f3 Qe3+ 21. Kh1 Bc7 $17) 19... Qd5 20. c4 bxc4
21. bxc4 Qb7 {[%csl Rb2]} 22. Bxh8 Bxg3 {[%csl Rg2][%cal Yb7g2]} 23. Nf3 Bf4
24. Qa1 $1 {[%cal Gh8e5] the Q is doing a fantastic work on the long /^} Qb8 (
24... Qe4 $142 25. c5 (25. Be5 $2 Bxe5 26. Qxe5 Qxc4 $17) 25... Bc6 26. Be5
Bxe5 27. Qxe5 Qb1+ 28. Ne1 $11 (28. Qe1 $2 Qg6 $1 29. Kf1 Qd3+ 30. Qe2 Qb1+ 31.
Qe1 Qb5+ $19)) 25. Be5 Bxe5 26. Nxe5 f6 $1 27. Nd3 Be4 {The Q + N are usually
considered to be stronger than Q + B, but not here. In this position white's
pieces are passive and the N does not have good squares. However, this is not
enough for black to win the game} 28. Qd1 Ke7 {[%cal Gb8d6]} (28... Qd6 $2 29.
Qxh5+ Kd8 30. Ne1) 29. f3 Bf5 30. Nf2 Qf4 (30... h4 $142 {not allowing white
to free himself with g4}) 31. g4 $1 {Transferring the game into a Q ending
where although sacrifising a pawn white has very good drawing chances.} hxg4
32. fxg4 Be4 (32... Bg6 33. c5) 33. Nxe4 Qxe4 34. c5 (34. h4 $142 Qxc4 35. Qf3)
34... Qe3+ 35. Kg2 Qxc5 36. h4 Qc6+ (36... Qe3 {-see 40...Qe3}) 37. Kh3 Qc3+
38. Kg2 Qc6+ 39. Kh3 Qc3+ 40. Kg2 Qe3 41. Qc2 $1 {[%cal Gc2h7,Gh4h5]} Qf4 (
41... Kd6 $142 42. h5 f5 43. gxf5 Qg5+ 44. Kf2 Qxh5 45. Qd3+ Ke5 46. fxe6 Qh2+
47. Ke1 Kxe6 48. Qg6+) 42. Qh7+ Kd6 43. Qd3+ Ke7 44. Qh7+ Kd6 45. Qd3+ Kc7 46.
h5 $1 e5 {with open K's ang white's well advanced pawns the draw is obvious} (
46... Qxg4+ $4 47. Qg3+ Qxg3+ 48. Kxg3 $18 {[%cal Gh5h8]}) 1/2-1/2

[Event "Tel Aviv"]
[Site "Tel Aviv"]
[Date "2001.02.22"]
[Round "3"]
[White "Van Mil, Johan"]
[Black "Botvinnik, Ilia"]
[Result "0-1"]
[WhiteElo "2421"]
[BlackElo "2434"]
[Annotator "Gershon,A"]
[PlyCount "54"]
[EventDate "2001.02.20"]
[EventType "tourn"]
[EventRounds "9"]
[EventCountry "ISR"]
[EventCategory "9"]
[SourceTitle "CBM 082"]
[Source "ChessBase"]
[SourceDate "2001.05.17"]
[SourceVersion "1"]
[SourceVersionDate "2001.05.17"]
[SourceQuality "1"]

1. e4 c5 2. Nf3 Nc6 3. Bb5 e6 4. b3 Nge7 (4... Qc7 5. O-O Nge7 6. Bb2 Ng6 7.
Re1 f6 8. c3 Be7 9. d4 O-O 10. Bf1 Nd8 11. Nbd2 Nf7 12. g3 b6 13. h4 Re8 14.
Bg2 Bb7 15. h5 Nf8 16. c4 (16. Qe2 $13) 16... cxd4 17. Nxd4 a6 18. a3 Rac8 19.
Qe2 Qb8 20. Rad1 Ba8 $11 {0-1 Kuzmin,G-Romanishin,O/Donetsk 1998/CBM 68 (61)})
(4... a6 5. Bxc6 bxc6 6. Bb2 d5 7. Qe2 Nf6 8. d3 Be7 9. O-O O-O 10. Nbd2 Qc7
11. Ne5 Bd6 12. f4 Nd7 13. Nxd7 Bxd7 14. e5 Be7 15. c4 a5 16. Rf3 f6 17. exf6
Bxf6 18. Bxf6 Rxf6 19. Raf1 Raf8 20. g3 $16 {[%csl Rd7][%cal Gd2f3,Gf3e5] 1/
2-1/2 Rozentalis,E-Winkler,M/Berlin 1999/EXT 2001 (43)}) (4... Nd4 5. Bd3 (5.
Nxd4 cxd4 6. O-O Bc5 7. Bb2 a6 8. Bd3 Ne7 9. c3 Nc6 10. Na3 O-O 11. Nc2 (11.
Qh5) 11... dxc3 12. dxc3 Qh4 13. Nd4 d6 14. Nxc6 bxc6 15. b4 Ba7 16. c4 e5 17.
Qc2 $14 {1-0 Zahariev,Z-Botsari,A/Chania 1999/EXT 2000 (58)}) 5... Ne7 6. O-O
Nec6 7. Nxd4 cxd4 8. f4 Be7 9. Qh5 d6 10. Bb5 O-O 11. Bxc6 bxc6 12. d3 f5 13.
e5 d5 14. Nd2 c5 15. Nf3 Qb6 16. a4 c4 17. a5 Qc7 $132 {0-1 Mrva,M-Sherbakov,R/
Presov 2000/CBM 79 no vc (46)}) 5. Bb2 Ng6 6. h4 {A typical way tackle black's
N.} (6. O-O f6 7. d4 cxd4 8. Nxd4 Bc5 9. Kh1 O-O 10. c3 $6 a6 11. Bxc6 dxc6 12.
b4 Ba7 13. Qb3 Kh8 14. Rd1 Qe8 15. Qc2 e5 16. Nf5 Nf4 17. f3 Be6 18. Na3 g6 19.
Ng3 c5 $36 {0-1 Tate,E-Shabalov,A/Portsmouth 2000/EXT 2001 (28)}) 6... h5 {
[%csl Rg5]} 7. g3 (7. d3 $5) (7. d4 $2 cxd4 8. Nxd4 Nxh4 9. g3 Qa5+ $1 10. Bc3
Nf3+ $1 11. Kf1 (11. Qxf3 Nxd4 $19) (11. Nxf3 Qxb5 $19) 11... Qb6 {[%csl Rd4]}
12. Bxc6 Nxd4 13. Bxd7+ Bxd7 14. Bxd4 Qa6+ 15. c4 Bc6 {[%csl Re4]} 16. Qe2
O-O-O 17. Bc3 f5 $36) 7... f6 8. O-O Kf7 {After h7-h5 black can no more castle
easily, so he relies on the solidity of his position, with the K going to g7,}
9. Be2 {[%csl Rh5]} (9. d4 cxd4 10. Nxd4 Bc5 11. Be2 Qc7 12. c3 (12. Bxh5 $4
Rxh5 13. Qxh5 Nxd4 $17) (12. Nb5 $4 Qxg3+ $19) 12... Qe5 $13) 9... Nge7 10. d4
cxd4 11. Nxd4 Nxd4 12. Bxd4 (12. Bxh5+ $2 g6 13. Qxd4 {[%csl Rf6]} Nc6 $19 {
[%cal Gd8f6]} (13... Rxh5 14. Qxf6+ Kg8 $17)) (12. Qxd4 {would have led to a
transposition after:} Nc6 13. Qd1 g6 14. Nd2) 12... g6 13. Nd2 $2 ({essential
was} 13. f4 $142 {[%csl Rf6][%cal Gf1f7,Gd4h8,Yf4f5] White must try to exploit
his development edge and the weakenned position of the black monarch! If black
gets enough time to consolidate he would simply be better. The obvious
drawback of this move is, of course, a terrible weakenning of the K's position,
but white is better prepared for the forthcoming battle.} Nc6 14. Bb2 Bc5+ 15.
Kh2 {[%cal Yf4f5]} d5 {[%cal Gc8f5]} (15... Kg7 16. f5 gxf5 17. exf5 e5 18.
Bxh5 $18) (15... d6 16. e5 (16. Nd2 $5 $36) 16... dxe5 17. fxe5 f5 18. Nd2 $14
{[%cal Gd2e4,Gd2c4,Yc4d6,Ye4d6,Ye4g5]}) 16. exd5 (16. f5 $2 gxf5 (16... exf5
17. exd5 (17. exf5 Bxf5 18. Rxf5 gxf5 19. Bxh5+ Kg7 {there is not enough
compensation for white}) 17... Ne5 18. c4 Ng4+ 19. Bxg4 hxg4 $17 {[%cal Gg6g5,
Gd8d6,Yd6h2]}) 17. Bxh5+ Kg7 18. exf5 exf5) 16... exd5 17. Nc3 Be6 18. Bf3 $16
{[%csl Rd5]}) 13... Nc6 14. Bb2 Bc5 15. Nf3 Qc7 {[%csl Rg3][%cal Gc5g1] Only 3
moves have passed and black is well ogranized!} 16. Kh2 b6 17. Bd3 Bb7 {
There is no reason why white should stand better now.} 18. Ng5+ Ke7 ({of
course not} 18... fxg5 $2 19. Qf3+ Kg8 20. Qf6 Bd4 (20... e5 21. Qxg6+ Kf8 22.
Qf6+ Kg8 23. Bc4+ d5 (23... Kh7 24. Qf7+ Kh6 25. hxg5+ Kxg5 26. Qg7#) 24. exd5
$18 {[%csl Rc7,Rg8][%cal Gd5d6,Gc4g8]}) 21. Qxg6+ Kf8 22. Bxd4 Nxd4 23. Qf6+
Kg8 24. Qxd4 gxh4 25. e5 Qc6 (25... hxg3+ 26. fxg3 $18 {[%csl Rg8]}) 26. Rg1 h3
27. Rad1 $16 {[%csl Rd7]}) 19. Bxf6+ $2 {as it often happens in positions of
this kind, white loses his patience and breaks his head.} (19. Nh3 $142 {
[%cal Gh3f4]} Ne5 $15) 19... Kxf6 20. Qf3+ Kg7 (20... Ke7 $4 21. Qf7+ Kd6 (
21... Kd8 22. Qf6+ $18 {[%csl Rh8]}) 22. Qf4+ Ne5 (22... e5 23. Qf6#) 23. Nf7+
Ke7 24. Nxe5 $18) 21. Qf7+ Kh6 22. Nxe6 Qe5 23. Nxc5 (23. Qxd7 Rh7 24. Qd5 Qxd5
25. exd5 Nb4 {although having 2 pawns for the piece (the d5 pawn is doomed)
white's position is absolutely hopless}) 23... Rh7 $1 {This is what white has
probably missed while playing 19.Bxf6} (23... bxc5 $2 24. Qxd7 Rh7 25. Qh3 {
would be more problematic for black to realize}) 24. Qf3 (24. Nxd7 Rxf7 25.
Nxe5 Nxe5 26. f4 $8 Nxd3 27. cxd3 Rd8 28. Rad1 Rfd7 $19) 24... Qxc5 25. e5 $2 {
[%cal Gf3f4]} (25. Qf4+ $142 Kg7 26. Qc7 Bc8 27. f4 {[%csl Re5] and thanks to
the awkward position of black Q side pieces it's still not so easy to win the
game}) {now it's all over} 25... Rf8 26. Qe4 Nxe5 $1 27. Qxb7 d5 {[%csl Rf2]
[%cal Ge5g4,Gf8f2]} 0-1